Every Song by Shinedown - Statistics

General Stats
  • This quiz has been taken 76 times
    22 since last reset
  • The average score is 27 of 115
Answer Stats
Album Song % Correct
The Sound of Madness(2008) Second Chance
67%
The Sound of Madness(2008) Sound of Madness
67%
Leave a Whisper(2003) 45
60%
Amaryllis(2012) Amaryllis
60%
Planet Zero(2022) Planet Zero
60%
Attention Attention(2018) Attention Attention
53%
Amaryllis(2012) Enemies
53%
Amaryllis(2012) Adrenaline
47%
Planet Zero(2022) America Burning
47%
Threat to Survival(2015) Asking for It
47%
Planet Zero(2022) A Symptom of Being Human
47%
Threat to Survival(2015) Black Cadillac
47%
Amaryllis(2012) Bully
47%
Leave a Whisper(2003) Burning Bright
47%
The Sound of Madness(2008) Call Me
47%
Threat to Survival(2015) Cut the Cord
47%
The Sound of Madness(2008) Cyanide Sweet Tooth Suicide
47%
The Sound of Madness(2008) Devour
47%
Non-Album(2010) Diamond Eyes (Boom-Lay Boom-Lay Boom)
47%
Us and Them(2005) Save Me
47%
Attention Attention(2018) Devil
40%
Threat to Survival(2015) How Did You Love
40%
Searchlight(2025) Searchlight
40%
The Sound of Madness(2008) Son of Sam
40%
The Sound of Madness(2008) The Crow & the Butterfly
40%
Searchlight(2025) Three Six Five
40%
Non-Album(2020) Atlas Falls
33%
Attention Attention(2018) Get Up
33%
Non-Album(2010) Her Name is Alice
33%
Us and Them(2005) Heroes
33%
Us and Them(2005) I Dare You
33%
Amaryllis(2012) I'll Follow You
33%
Threat to Survival(2015) It All Adds Up
33%
Attention Attention(2018) Monsters
33%
Attention Attention(2018) Pyro
33%
Attention Attention(2018) Special
33%
Planet Zero(2022) The Saints of Violence and Innuendo
33%
The Sound of Madness(2008) Breaking Inside
27%
Searchlight(2025) Dance, Kid, Dance
27%
Leave a Whisper(2003) Fly from the Inside
27%
The Sound of Madness(2008) If You Only Knew
27%
Searchlight(2025) Killing Fields
27%
Leave a Whisper(2003) Lacerated
27%
Leave a Whisper(2003) No More Love
27%
Threat to Survival(2015) Oblivion
27%
Threat to Survival(2015) Outcast
27%
The Sound of Madness(2008) Sin with a Grin
27%
Attention Attention(2018) The Human Radio
27%
Us and Them(2005) Yer Majesty
27%
Attention Attention(2018) Black Soul
20%
Attention Attention(2018) Brilliant
20%
Attention Attention(2018) Creatures
20%
Planet Zero(2022) Daylight
20%
Planet Zero(2022) Dead Don't Die
20%
The Sound of Madness(2008) Energy
20%
Attention Attention(2018) Evolve
20%
Us and Them(2005) Fake
20%
The Sound of Madness(Bonus)(2008) Junkies for Fame
20%
Us and Them(2005) Lady So Divine
20%
Leave a Whisper(2003) Lost in the Crowd
20%
Threat to Survival(2015) Misfits
20%
Amaryllis(2012) My Name (Wearing Me Out)
20%
Planet Zero(2022) No Sleep Tonight
20%
Threat to Survival(2015) State of My Head
20%
Amaryllis(2012) Unity
20%
The Sound of Madness(2008) What a Shame
20%
Planet Zero(2022) What You Wanted
20%
Planet Zero(2022) 2184
13%
Leave a Whisper(2003) All I Ever Wanted
13%
Us and Them(2005) Atmosphere
13%
Us and Them(2005) Begin Again
13%
Us and Them(2005) Beyond the Sun
13%
Us and Them(Bonus)(2005) Carried Away
13%
Planet Zero(2022) Clueless and Dramatic
13%
Leave a Whisper(2003) Crying Out
13%
Threat to Survival(2015) Dangerous
13%
Attention Attention(2018) Darkside
13%
Planet Zero(2022) Dysfunctional You
13%
Amaryllis(2012) For My Sake
13%
Planet Zero(2022) Hope
13%
Amaryllis(2012) I'm Not Alright
13%
Leave a Whisper(2003) In Memory
13%
The Sound of Madness(2008) I Own You
13%
Attention Attention(2018) Kill Your Conscience
13%
Leave a Whisper(2003) Left Out
13%
Amaryllis(2012) Miracle
13%
Us and Them(2005) Shed Some Light
13%
Us and Them(2005) Some Day
13%
Leave a Whisper(2003) Stranger Inside
13%
Planet Zero(2022) Sure is Fun
13%
Attention Attention(2018) The Entrance
13%
Threat to Survival(2015) Thick as Thieves
13%
Us and Them(2005) Trade Yourself In
13%
Attention Attention(Bonus)(2018) ANWTD ("A New Way to Die")
7%
Planet Zero(2022) Army of the Underappreciated
7%
Leave a Whisper(2003) Better Version
7%
The Sound of Madness(2008) Cry for Help
7%
Attention Attention(Bonus)(2018) Headcase
7%
Non-Album(2012) I'm Alive
7%
Amaryllis(2012) Nowhere Kids
7%
Us and Them(2005) The Dream
7%
Planet Zero(2022) A More Utopian Future
0%
Planet Zero(2022) Delete
0%
Planet Zero(2022) Do Not Panic
0%
Leave a Whisper(Bonus)(2003) Emptiness Man
0%
Leave a Whisper(Bonus)(2003) Falling Fearless
0%
Threat to Survival(Bonus)(2015) Never Gonna Let Go
0%
Leave a Whisper(Bonus)(2003) Notice Me
0%
Us and Them(Bonus)(2005) Persistence
0%
Threat to Survival(Bonus)(2015) Reject
0%
Leave a Whisper(Bonus)(2003) Soon Forgotten
0%
Planet Zero(2022) Standardized Experiences
0%
Planet Zero(2022) This is a Warning
0%
Amaryllis(2012) Through My Ghost
0%
Planet Zero(2022) Welcome
0%
No matching quizzes found
Score Distribution
Percent of People with Each Score
Percentile by Number Answered
Your Score History
You have not taken this quiz since the last reset